First letters of countries with most population - Statistics

General Stats
  • This quiz has been taken 36 times
  • The average score is 6 of 10
Answer Stats
Hint Answer % Correct
1,645,658,567 C
100%
1,981,986,010 I
100%
558,436,189 U
97%
488,117,684 B
88%
478,894,666 P
73%
358,098,116 N
48%
397,024,797 S
45%
388,165,754 M
42%
283,650,502 E
27%
292,950,379 T
24%
No matching quizzes found
Score Distribution
Percent of People with Each Score
Percentile by Number Answered
Your Score History
You have not taken this quiz